Business Communication (Record no. 21739)
[ view plain ]
| 000 -LEADER | |
|---|---|
| fixed length control field | 00428nam a22001697a 4500 |
| 005 - DATE AND TIME OF LATEST TRANSACTION | |
| control field | 20221111124304.0 |
| 008 - FIXED-LENGTH DATA ELEMENTS--GENERAL INFORMATION | |
| fixed length control field | 221109b |||||||| |||| 00| 0 eng d |
| 020 ## - INTERNATIONAL STANDARD BOOK NUMBER | |
| International Standard Book Number | 9789350971413 |
| 082 ## - DEWEY DECIMAL CLASSIFICATION NUMBER | |
| Classification number | 658.45 |
| 100 ## - MAIN ENTRY--PERSONAL NAME | |
| Personal name | Rai, Urmila |
| 245 ## - TITLE STATEMENT | |
| Title | Business Communication |
| 250 ## - EDITION STATEMENT | |
| Edition statement | 9th ed. |
| 260 ## - PUBLICATION, DISTRIBUTION, ETC. | |
| Place of publication, distribution, etc. | Mumbai: |
| Name of publisher, distributor, etc. | Himalaya Publishing House, |
| Date of publication, distribution, etc. | 2020 |
| 300 ## - PHYSICAL DESCRIPTION | |
| Extent | 426p.: ill.; 24cm |
| 700 ## - ADDED ENTRY--PERSONAL NAME | |
| Personal name | Rai, S. M. |
| 942 ## - ADDED ENTRY ELEMENTS (KOHA) | |
| Source of classification or shelving scheme | Dewey Decimal Classification |
| Koha item type | Books |
| Suppress in OPAC | No |
| Withdrawn status | Lost status | Source of classification or shelving scheme | Damaged status | Not for loan | Collection code | Home library | Current library | Shelving location | Date acquired | Source of acquisition | Total Checkouts | Full call number | Barcode | Date last seen | Price effective from | Koha item type |
|---|---|---|---|---|---|---|---|---|---|---|---|---|---|---|---|---|
| Dewey Decimal Classification | Not For Loan | Non-fiction | IFM Main Campus Library | IFM Main Campus Library | Special Reserve Collection | 11/09/2022 | Purchase | 658.45 RAI | 0000023143 | 11/09/2022 | 11/09/2022 | Books | ||||
| Dewey Decimal Classification | Not For Loan | Non-fiction | IFM Mwanza Campus | IFM Mwanza Campus | Mwanza Teaching Center | 11/09/2022 | Purchase | 658.45 RAI | 0000023089 | 12/07/2022 | 11/09/2022 | Books | ||||
| Dewey Decimal Classification | Not For Loan | Non-fiction | IFM Mwanza Campus | IFM Mwanza Campus | Mwanza Teaching Center | 11/09/2022 | Purchase | 658.45 RAI | 0000023144 | 12/08/2022 | 11/09/2022 | Books |
